| 000 | 00534nam a2200193Ia 4500 | ||
|---|---|---|---|
| 003 | GCL | ||
| 008 | 140319s9999 xx 000 0 eng d | ||
| 040 |
_aGCL / _cGCL |
||
| 082 | 0 | 4 |
_a616.1207547 _bG E |
| 100 | 1 | _aGOLD SCHLAGER, NORA | |
| 245 | 1 | 0 |
_aELECTROCARDIOGRAPHY: ESSENTIALS OF INTERPRETATION / _cGOLD SCHLAGER, NORA |
| 700 | 1 | _aGOLDMAN, MERVIN J. | |
| 260 |
_a[S.N] : _bLIBRAIRIE DU LIBAN |
||
| 300 | _a236 P | ||
| 650 | 0 | 4 | _aCARDIOLOGY |
| 650 | 0 | 4 | _aELECTROCARDIOGRAPHY |
| 650 | 0 | 4 | _aELECTROCARDIOGRAM |
| 942 |
_2ddc _cBK |
||
| 999 |
_c20008 _d20008 |
||